000 00324nam a22001337a 4500
008 180914b xxu||||| |||| 00| 0 eng d
020 _a9780393970807
041 _aeng
080 _a541
100 _a12
101 _aKIM
245 _aOrganic Chemistry Study Guide Solutions Manual
_cJones.M
942 _2udc
_cBK
999 _c47760
_d47760